Prísahy

Bibliographic Details
Main Author: Spencer, LaVyrle, 1943- (Author)
Other Authors: Dulla, Ján (prekladateľ) (Translator)
Format: Book
Language:Slovak
English
Published: Bratislava Ikar 1995
Subjects:

MARC

LEADER 00000cam a2200000 a 4500
001 vtls001058970
003 SK-MaSNL
005 20260228235917.0
008 240322s1995 xo gr 000 f slo
015 |a SNBA1995/1102926 
020 |a 807118201X  |q (viazané) 
035 |a SNK000001788 
040 |a SNK  |b slo  |c SNK  |e AACR2 
041 1 |a slo  |h eng 
044 |a xo  |c SK 
072 7 |a 821.111(73)-3  |x Americká próza  |2 konspekt 
080 |a 820 (73)-3  |2 1997 
080 |a 821.111(73)-31  |2 2011 
080 |a (0:82-312.5)  |2 2011 
100 1 |a Spencer, LaVyrle,  |d 1943-  |4 aut  |9 107421 
240 1 0 |a Vows  |l Slovensky 
245 1 0 |a Prísahy  |c La Vyrle Spencerová ; [z anglického originálu Vows ... preložil Ján Dulla] 
260 |a Bratislava  |b Ikar  |c 1995 
300 |a 317 strán 
655 7 |a americké romány  |2 SNKPH  |9 1174 
655 7 |a ľúbostné romány  |2 SNKPH  |9 70497 
700 1 |a Dulla, Ján  |c (prekladateľ)  |4 trl  |9 218812 
919 |a 80-7118-201-X 
954 |a beletria cudzojazyčná (svetová)  |2 lita 
958 |a EUIPO 
958 |a TL 
958 |a UP 
958 |a NS 
958 |a LX 
958 |a US 
958 |a OND 
968 |b ENG 
999 |c 531621  |d 533551 
952 |t P60, <09>, [BOOK], {629}  |a SNK  |b SNK  |y NEVYP  |7 0  |o snkC 1395  |i snk2708/950811  |0 0  |1 0  |4 0  |d 1995-08-10  |l 0  |r 2004-12-31 00:00:00  |w 2026-02-23 
952 |a SNK  |b SNK  |y PREZ  |7 0  |p 17A0017767  |o snkSC 88853  |i snkKSP 7134/95  |0 0  |1 0  |4 0  |d 1995-08-10  |f 1  |l 0  |r 2025-09-08 00:00:00  |w 2026-02-23 
952 |a SNK  |b SNK  |y PREZ  |7 0  |p 17A0016129  |o snkSC 88853 D1  |0 0  |1 0  |4 0  |d 1996-10-29  |l 0  |r 2004-12-31 00:00:00  |w 2026-02-23